|
|
|
|
| LEADER |
01522nam a2200373Ia 4500 |
| 001 |
9781134618576 |
| 003 |
FlBoTFG |
| 005 |
20101014212025.0 |
| 006 |
a|||||s||||||||||| |
| 007 |
cr|||| |
| 008 |
101014s1996 enkab sb 001 0beng d |
| 020 |
|
|
|a 9780203012352 (e-book : PDF)
|
| 040 |
|
|
|a FlBoTFG
|c FlBoTFG
|d GrThAP
|
| 043 |
|
|
|a e-it---
|
| 090 |
|
|
|a DG282.6
|b .B37 1996
|
| 092 |
|
|
|a 937.07092
|b B274
|
| 100 |
1 |
|
|a Barrett, Anthony,
|d 1941-
|
| 245 |
1 |
0 |
|a Agrippina
|h [electronic resource] :
|b mother of Nero /
|c Anthony A. Barrett.
|
| 260 |
|
|
|a London :
|b B T Batsford, Ltd.,
|c 1996.
|
| 300 |
|
|
|a xxii, 357 p. :
|b ill., maps ;
|c [ca. 23-29] cm.
|
| 500 |
|
|
|a "An irresitible combination of treachery, incest and murder."
|
| 504 |
|
|
|a Includes bibliographical references (p. [295]-349) and index.
|
| 505 |
0 |
|
|a 1. Background -- 2. Family -- 3. Daughter -- 4. Sister -- 5. Niece -- 6. Wife -- 7. Mother -- 8. The end -- 9. Sources.
|
| 530 |
|
|
|a Also available in print edition.
|
| 533 |
|
|
|a Electronic reproduction.
|b [London, Eng. :
|b Taylor and Francis,
|d 2010].
|n PDF file created from digital scan of print book.
|
| 600 |
0 |
0 |
|a Agrippina,
|c Minor,
|d 15-59.
|
| 600 |
0 |
0 |
|a Agrippina,
|c Minor,
|d 15-59
|x Family.
|
| 650 |
|
0 |
|a Empresses
|z Rome
|v Biography.
|
| 651 |
|
0 |
|a Rome
|x History
|y Julio-Claudians, 30 B.C.-68 A.D.
|
| 655 |
|
7 |
|a Electronic books.
|2 lcsh
|
| 776 |
1 |
|
|z 9780713468540
|
| 776 |
1 |
|
|z 9780415208673
|
| 776 |
1 |
|
|z 0713468548
|
| 856 |
4 |
0 |
|u http://www.tandfebooks.com/isbn/9780203012352
|z Full Text via HEAL-Link
|